Za úsporami energie sú dáta a disciplína

Energeticky účinné technológie môžu nielen znížiť podniku spotrebu a náklady, ale aj zefektívniť investície do strojov. Prehľad cien energie pre priemysel.

Salvato in:
Dettagli Bibliografici
Autore principale: Poracký, Marek
Natura: Capitolo di libro
Lingua:slovacco
Soggetti:
Tags: Aggiungi Tag
Nessun Tag, puoi essere il primo ad aggiungerne!!

MARC

LEADER 00000naa a2200000 4500
001 0241987
005 20221104112356.3
041 0 |a slo 
044 |a SK 
245 1 0 |a Za úsporami energie sú dáta a disciplína  |c Marek Poracký 
520 |a Energeticky účinné technológie môžu nielen znížiť podniku spotrebu a náklady, ale aj zefektívniť investície do strojov. Prehľad cien energie pre priemysel. 
610 2 0 |a faktúry 
610 2 0 |a podnik priemyselný 
610 2 0 |a úspory energie 
610 2 0 |a elektrina 
610 2 0 |a spotreba energie 
610 2 0 |a znižovanie nákladov 
100 1 |a Poracký, Marek